000 00649cam a22002292 4500
001 0000003559
005 20151217155206.0
008 070509s xx 000 0 eng d
020 _a0826462758 :
_cKES 2,950
040 _aKABU
_cKABU
050 0 _aLB1051
_b.C45 2004
100 1 _aChild, Dennis.
_@0000153559
245 1 0 _aPsychology and the teacher.
250 _a7th ed.
260 _aLondon :
_bContinuum,
_c2004.
300 _axviii, 509 p.
650 0 _aEducational psychology.
_@0000153557
650 0 _aChild psychology.
_@0000148106
908 _a070509
950 _@1
999 _c11904
_d11904